Véronique / (Registro nro. 3005)
[ vista simple ]
| 000 -LEADER | |
|---|---|
| fixed length control field | 01121nam a2200193 a 4500 |
| 008 - CAMPO DE CONTROL (LIBRO) | |
| fixed length control field | 190531s2001 ag ||||gr|||| 001 f spa d |
| 020 ## - INTERNATIONAL STANDARD BOOK NUMBER | |
| ISBN | 9507530908 |
| 041 ## - CODIGO DE IDIOMA | |
| Código de idioma del texto/pista de sonido o título separado | spa |
| 092 ## - SIGNATURA TOPOGRAFICA DEWEY LOCAL | |
| Edition number | 808 |
| número de clasificación | 77 |
| libristica | SAR |
| 100 1# - ENTRADA PRINCIPAL--NOMBRE PERSONAL | |
| Nombre personal | Sarfati, Sonia |
| 9 (RLIN) | 4045 |
| 245 ## - TITULO PROPIAMENTE DICHO | |
| Título | Véronique / |
| Mención de responsabilidad y remanente de la transcripción de la portada | Sarfati, Sonia |
| 250 ## - MENCION DE EDICION | |
| Mención de edición | 1a ed. |
| Mención de responsabilidad relacionada con la ed. | Traducción Valeria Castelló- Joubert |
| 260 ## - PIE DE IMPRENTA | |
| Lugar de publicación, distribución, etc | Buenos Aires: |
| Nombre de la editorial, distribuidor, etc | Cántaro ; Puerto de Palos; |
| Fecha de publicación | 2001. |
| 300 ## - DESCRIPCION FISICA | |
| Extension | 97 p. |
| 500 ## - NOTA GENERAL | |
| Nota general | Sarfati, S. (2001). Véronique. (1a ed.). Buenos Aires : Cántaro ; Puerto de Palos. |
| 505 ## - NOTA DE CONTENIDO | |
| Nota de contenido formateada | Gabrielle y Véronique son casi como hermanas. Tienen quince años y se conocen profundamente. Sin embargo algo comienza a cambiar entre ellas. Mientras Gabrielle se enamora por primera vez, Véronique se vuelve posesiva y envidiosa. Está obsesionada con ser cada vez más delgada. Y quiere lograrlo a cualquier precio. Pero Gabrielle no está dispuesta a ver cómo su mejor amiga pierde el apetito por la vida. Es hora de que, juntas, prueben que son de "la raza de los sobrevivientes". |
| 590 ## - NOTAS LOCALES (RLIN) | |
| Nota local | Proyecto 4to libro. Donación Julia Cabanne, mayo 2019. |
| 942 ## - ADDED ENTRY ELEMENTS (KOHA) | |
| Source of classification or shelving scheme | Dewey Decimal Classification |
| Item type | LITERATURA |
| Estado de retiro | Existencia | Fuente de clasificación | Estado general | No para prestamo | Ubicación permanente | ubicación actual | Sala de ubicación | Fecha de adquisición | Fuente de adquisición | Total Checkouts | Número de clasificación | Código de barras | Date last seen | Número de ejemplar | Price effective from | Koha tipo de elemento (item) | Public note |
|---|---|---|---|---|---|---|---|---|---|---|---|---|---|---|---|---|---|
| Dewey Decimal Classification | Biblioteca Medicina | Biblioteca Medicina | Circulación | 31/05/2019 | Donación Cabanne, Julia. Mayo 2019 | 808 77 SAR | 4434 | 31/05/2019 | Ej. 1 | 31/05/2019 | LITERATURA | Proyecto 4to libro. Donación Cabanne, Julia. Mayo 2019 |